[Event "Wood Green Invitational"]
[Site "Stafford"]
[Date "2021.08.20"]
[Round "2.4"]
[White "Turner, Matthew J"]
[Black "Harvey, Marcus R"]
[Result "1/2-1/2"]
[WhiteElo "2509"]
[BlackElo "2440"]
[PlyCount "107"]
[EventDate "2021.08.19"]
[EventType "tourn"]
[EventRounds "9"]
[EventCountry "ENG"]
[EventCategory "7"]

1. e4 {[%emt 0:00:04]} c6 {[%emt 0:00:03]} 2. d4 {[%emt 0:05:16]} d5 {[%emt 0:
00:05]} 3. exd5 {[%emt 0:00:05]} cxd5 {[%emt 0:00:04]} 4. c4 {[%emt 0:00:04]}
Nf6 {[%emt 0:00:20]} 5. Nc3 {[%emt 0:00:08]} e6 {[%emt 0:00:05]} 6. a3 {
[%emt 0:02:23]} Nc6 {[%emt 0:00:30]} 7. Nf3 {[%emt 0:00:12]} Ne4 {[%emt 0:02:
33]} 8. Bd2 {[%emt 0:09:03]} Nxd2 {[%emt 0:01:17]} 9. Qxd2 {[%emt 0:00:08]}
dxc4 {[%emt 0:04:26]} 10. Bxc4 {[%emt 0:00:27]} Be7 {[%emt 0:00:09]} 11. O-O {
[%emt 0:00:31]} O-O {[%emt 0:00:08]} 12. Rad1 {[%emt 0:02:02]} Qa5 {[%emt 0:07:
40]} 13. Rfe1 {[%emt 0:04:40]} Bd8 {[%emt 0:02:23]} 14. h3 {[%emt 0:03:42]} Rb8
{[%emt 0:01:06]} 15. Qd3 {[%emt 0:02:29]} Ne7 {[%emt 0:06:12]} 16. Re5 {
[%emt 0:02:54]} Qc7 {[%emt 0:00:59]} 17. d5 {[%emt 0:14:41]} exd5 {[%emt 0:00:
35]} 18. Bxd5 {[%emt 0:01:02]} Nxd5 {[%emt 0:02:21]} 19. Nxd5 {[%emt 0:00:06]}
Qd6 {[%emt 0:09:37]} 20. Qe3 {[%emt 0:05:11]} Qa6 {[%emt 0:05:32]} 21. Re8 {
[%emt 0:10:38]} Be6 {[%emt 0:01:37]} 22. Rxf8+ {[%emt 0:00:25]} Kxf8 {[%emt 0:
00:02]} 23. Nf4 {[%emt 0:00:27]} Rc8 {[%emt 0:08:31]} 24. Nxe6+ {[%emt 0:04:52]
} Qxe6 {[%emt 0:02:01]} 25. Qxa7 {[%emt 0:05:31]} Qb3 {[%emt 0:00:32]} 26. Rd7
{[%emt 0:06:01]} Qxb2 {[%emt 0:00:23]} 27. Qxb7 {[%emt 0:01:06]} Qxb7 {[%emt 0:
00:12]} 28. Rxb7 {[%emt 0:00:04]} Ra8 {[%emt 0:02:38]} 29. Ne5 {[%emt 0:02:04]}
Rxa3 {[%emt 0:03:48]} 30. Rxf7+ {[%emt 0:02:01]} Kg8 {[%emt 0:00:09]} 31. Rb7 {
[%emt 0:00:34]} Ra8 {[%emt 0:00:46]} 32. Kh2 {[%emt 0:09:27]} Bf6 {[%emt 0:01:
35]} 33. Ng4 {[%emt 0:00:47]} Bd4 {[%emt 0:00:33]} 34. Rd7 {[%emt 0:00:32]} Ra4
{[%emt 0:00:59]} 35. Kg3 {[%emt 0:01:00]} Kf8 {[%emt 0:02:04]} 36. Kf3 {
[%emt 0:00:31]} Ke8 {[%emt 0:00:19]} 37. Rb7 {[%emt 0:00:25]} Ra7 {[%emt 0:00:
42]} 38. Rxa7 {[%emt 0:00:52]} Bxa7 {[%emt 0:00:02]} 39. Ke4 {[%emt 0:00:19]}
Kf7 {[%emt 0:00:35]} 40. Ne5+ {[%emt 0:00:29]} Ke6 {[%emt 0:01:03]} 41. f4 {
[%emt 0:00:06]} g6 {[%emt 0:00:18]} 42. g4 {[%emt 0:01:00]} Bc5 {[%emt 0:02:08]
} 43. h4 {[%emt 0:05:19]} Ba3 {[%emt 0:01:28]} 44. g5 {[%emt 0:00:22]} Bb2 {
[%emt 0:00:36]} 45. Nc4 {[%emt 0:01:10]} Bc3 {[%emt 0:01:03]} 46. h5 {[%emt 0:
01:19]} gxh5 {[%emt 0:00:45]} 47. f5+ {[%emt 0:00:15]} Ke7 {[%emt 0:02:49]} 48.
Ne5 {[%emt 0:00:40]} Bd2 {[%emt 0:02:42]} 49. Nf3 {[%emt 0:00:16]} Bc1 {
[%emt 0:00:22]} 50. Ke5 {[%emt 0:00:14]} Kf7 {[%emt 0:01:50]} 51. Ke4 {[%emt 0:
01:29]} h4 {[%emt 0:00:44]} 52. g6+ {[%emt 0:00:18]} hxg6 {[%emt 0:00:06]} 53.
fxg6+ {[%emt 0:00:06]} Kxg6 {[%emt 0:00:03]} 54. Nxh4+ {[%emt 0:00:05]} 1/2-1/2

[Event "Wood Green Invitational"]
[Site "Stafford"]
[Date "2021.08.20"]
[Round "2.5"]
[White "Greet, Andrew N"]
[Black "Hebden, Mark L"]
[Result "1/2-1/2"]
[WhiteElo "2417"]
[BlackElo "2453"]
[PlyCount "98"]
[EventDate "2021.08.19"]
[EventType "tourn"]
[EventRounds "9"]
[EventCountry "ENG"]
[EventCategory "7"]

1. e4 {[%emt 0:00:22]} e5 {[%emt 0:00:11]} 2. Nf3 {[%emt 0:00:08]} Nc6 {
[%emt 0:00:08]} 3. Bc4 {[%emt 0:00:08]} Nf6 {[%emt 0:02:30]} 4. d3 {[%emt 0:00:
33]} Be7 {[%emt 0:01:34]} 5. O-O {[%emt 0:00:14]} O-O {[%emt 0:00:06]} 6. Re1 {
[%emt 0:00:11]} d6 {[%emt 0:00:07]} 7. a4 {[%emt 0:00:08]} Be6 {[%emt 0:00:59]}
8. Bxe6 {[%emt 0:00:29]} fxe6 {[%emt 0:00:07]} 9. c3 {[%emt 0:00:13]} Qe8 {
[%emt 0:02:09]} 10. b4 {[%emt 0:00:41]} Qg6 {[%emt 0:02:52]} 11. Be3 {[%emt 0:
02:33]} Nh5 {[%emt 0:05:03]} 12. Nbd2 {[%emt 0:01:36]} Nf4 {[%emt 0:00:28]} 13.
Bxf4 {[%emt 0:03:21]} Rxf4 {[%emt 0:00:17]} 14. Re3 {[%emt 0:07:13]} Raf8 {
[%emt 0:01:03]} 15. g3 {[%emt 0:38:42]} R4f7 {[%emt 0:02:18]} 16. b5 {[%emt 0:
06:09]} Na5 {[%emt 0:03:33]} 17. Rc1 {[%emt 0:10:07]} c5 {[%emt 0:05:18]} 18.
bxc6 {[%emt 0:00:56]} Nxc6 {[%emt 0:00:24]} 19. Rc2 {[%emt 0:02:03]} Qh5 {
[%emt 0:01:27]} 20. Qe2 {[%emt 0:01:12]} g5 {[%emt 0:02:12]} 21. Ne1 {[%emt 0:
03:07]} g4 {[%emt 0:00:50]} 22. Nf1 {[%emt 0:01:05]} Bg5 {[%emt 0:03:19]} 23.
Qd1 {[%emt 0:00:51]} Bxe3 {[%emt 0:06:41]} 24. Nxe3 {[%emt 0:00:07]} Rg7 {
[%emt 0:00:22]} 25. Rb2 {[%emt 0:03:06]} Qg6 {[%emt 0:02:05]} 26. Qb1 {[%emt 0:
01:04]} b6 {[%emt 0:00:55]} 27. Qa2 {[%emt 0:02:07]} Kh8 {[%emt 0:05:01]} 28.
N1g2 {[%emt 0:03:09]} Rd8 {[%emt 0:07:48]} 29. Rb5 {[%emt 0:01:14]} h5 {
[%emt 0:03:29]} 30. Nh4 {[%emt 0:01:39]} Qf6 {[%emt 0:00:50]} 31. Qe2 {[%emt 0:
00:41]} Ne7 {[%emt 0:02:56]} 32. a5 {[%emt 0:05:13]} bxa5 {[%emt 0:01:08]} 33.
Rxa5 {[%emt 0:01:14]} Rd7 {[%emt 0:02:36]} 34. Qa2 {[%emt 0:01:50]} Ng6 {
[%emt 0:04:25]} 35. Nhg2 {[%emt 0:00:47]} Rgf7 {[%emt 0:00:54]} 36. Qe2 {
[%emt 0:02:13]} Rb7 {[%emt 0:01:12]} 37. Ra1 {[%emt 0:00:12]} Rb3 {[%emt 0:01:
04]} 38. Qc2 {[%emt 0:00:51]} Rfb7 {[%emt 0:00:17]} 39. Rf1 {[%emt 0:00:07]}
Qd8 {[%emt 0:01:38]} 40. Nc4 {[%emt 0:01:56]} d5 {[%emt 0:00:36]} 41. exd5 {
[%emt 0:00:17]} exd5 {[%emt 0:00:05]} 42. d4 {[%emt 0:00:12]} e4 {[%emt 0:01:
05]} 43. Ne5 {[%emt 0:00:14]} Nxe5 {[%emt 0:01:35]} 44. dxe5 {[%emt 0:00:04]}
Qb8 {[%emt 0:00:52]} 45. Nf4 {[%emt 0:00:34]} Rb1 {[%emt 0:01:39]} 46. e6 {
[%emt 0:00:49]} Kg8 {[%emt 0:00:51]} 47. Nxd5 {[%emt 0:00:27]} Rxf1+ {[%emt 0:
01:10]} 48. Kxf1 {[%emt 0:00:02]} Qe5 {[%emt 0:00:19]} 49. e7 {[%emt 0:00:18]}
Rxe7 {[%emt 0:04:00]} 1/2-1/2

[Event "Wood Green Invitational"]
[Site "Stafford"]
[Date "2021.08.20"]
[Round "3.1"]
[White "Hebden, Mark L"]
[Black "Fodor, Tamas Jr"]
[Result "1/2-1/2"]
[WhiteElo "2453"]
[BlackElo "2520"]
[PlyCount "31"]
[EventDate "2021.08.19"]
[EventType "tourn"]
[EventRounds "9"]
[EventCountry "ENG"]
[EventCategory "7"]

1. d4 {[%emt 0:00:09]} d5 {[%emt 0:00:09]} 2. Nf3 {[%emt 0:00:19]} Nf6 {
[%emt 0:00:09]} 3. c4 {[%emt 0:00:07]} c6 {[%emt 0:00:19]} 4. e3 {[%emt 0:00:
29]} e6 {[%emt 0:00:22]} 5. Bd3 {[%emt 0:01:16]} dxc4 {[%emt 0:00:55]} 6. Bxc4
{[%emt 0:00:07]} Nbd7 {[%emt 0:01:23]} 7. O-O {[%emt 0:01:05]} Bd6 {[%emt 0:01:
40]} 8. Nbd2 {[%emt 0:02:45]} O-O {[%emt 0:05:16]} 9. Be2 {[%emt 0:04:39]} c5 {
[%emt 0:05:03]} 10. Nc4 {[%emt 0:02:18]} Be7 {[%emt 0:02:46]} 11. b3 {[%emt 0:
05:26]} b6 {[%emt 0:05:23]} 12. Nfe5 {[%emt 0:10:44]} Bb7 {[%emt 0:02:27]} 13.
Bf3 {[%emt 0:00:48]} Qc7 {[%emt 0:01:32]} 14. Bb2 {[%emt 0:01:36]} Rfd8 {
[%emt 0:07:25]} 15. Qe2 {[%emt 0:05:28]} Rac8 {[%emt 0:04:52]} 16. Nxd7 {
[%emt 0:04:58]} 1/2-1/2

[Event "Wood Green Invitational"]
[Site "Stafford"]
[Date "2021.08.20"]
[Round "3.2"]
[White "Harvey, Marcus R"]
[Black "Greet, Andrew N"]
[Result "1/2-1/2"]
[WhiteElo "2440"]
[BlackElo "2417"]
[PlyCount "96"]
[EventDate "2021.08.19"]
[EventType "tourn"]
[EventRounds "9"]
[EventCountry "ENG"]
[EventCategory "7"]

1. Nf3 {[%emt 0:00:03]} Nf6 {[%emt 0:01:50]} 2. c4 {[%emt 0:00:07]} e6 {
[%emt 0:01:05]} 3. Nc3 {[%emt 0:00:12]} Bb4 {[%emt 0:04:14]} 4. Qc2 {[%emt 0:
00:39]} O-O {[%emt 0:00:19]} 5. a3 {[%emt 0:00:07]} Bxc3 {[%emt 0:00:05]} 6.
Qxc3 {[%emt 0:00:03]} b6 {[%emt 0:00:37]} 7. g3 {[%emt 0:00:50]} Bb7 {[%emt 0:
00:42]} 8. Bg2 {[%emt 0:00:05]} d6 {[%emt 0:01:22]} 9. O-O {[%emt 0:00:54]}
Nbd7 {[%emt 0:00:37]} 10. b3 {[%emt 0:02:17]} e5 {[%emt 0:06:37]} 11. d4 {
[%emt 0:00:22]} exd4 {[%emt 0:04:21]} 12. Nxd4 {[%emt 0:02:09]} Bxg2 {[%emt 0:
00:35]} 13. Kxg2 {[%emt 0:00:05]} Qe8 {[%emt 0:12:52]} 14. Bb2 {[%emt 0:02:57]}
Ne5 {[%emt 0:04:26]} 15. Rae1 {[%emt 0:00:57]} c5 {[%emt 0:22:04]} 16. Nf5 {
[%emt 0:01:47]} Qc6+ {[%emt 0:00:39]} 17. f3 {[%emt 0:00:12]} Rfe8 {[%emt 0:00:
46]} 18. e4 {[%emt 0:00:36]} Re6 {[%emt 0:01:04]} 19. Qd2 {[%emt 0:10:19]} Kf8
{[%emt 0:09:35]} 20. Rd1 {[%emt 0:08:28]} Rd8 {[%emt 0:05:56]} 21. Bxe5 {
[%emt 0:00:21]} Rxe5 {[%emt 0:00:40]} 22. Qg5 {[%emt 0:00:01]} Rxf5 {[%emt 0:
01:02]} 23. Qxf5 {[%emt 0:00:11]} Re8 {[%emt 0:00:46]} 24. Qf4 {[%emt 0:00:08]}
Re6 {[%emt 0:00:33]} 25. Rd5 {[%emt 0:00:46]} Qc7 {[%emt 0:01:56]} 26. Rd2 {
[%emt 0:01:55]} Nd7 {[%emt 0:01:09]} 27. Qf5 {[%emt 0:00:54]} g6 {[%emt 0:00:
56]} 28. Qf4 {[%emt 0:00:46]} Ne5 {[%emt 0:02:18]} 29. Rfd1 {[%emt 0:00:16]}
Qe7 {[%emt 0:00:23]} 30. Qh6+ {[%emt 0:00:11]} Kg8 {[%emt 0:00:10]} 31. Qe3 {
[%emt 0:04:16]} Nc6 {[%emt 0:03:29]} 32. Qc3 {[%emt 0:00:45]} h5 {[%emt 0:03:
56]} 33. Rd5 {[%emt 0:00:59]} h4 {[%emt 0:02:48]} 34. g4 {[%emt 0:01:28]} Ne5 {
[%emt 0:00:33]} 35. h3 {[%emt 0:02:22]} Qf6 {[%emt 0:03:51]} 36. Qe3 {[%emt 0:
01:04]} g5 {[%emt 0:00:18]} 37. Rf1 {[%emt 0:01:09]} Qe7 {[%emt 0:02:52]} 38.
Qd2 {[%emt 0:03:54]} Kg7 {[%emt 0:00:49]} 39. Rf2 {[%emt 0:03:43]} f6 {[%emt 0:
00:20]} 40. f4 {[%emt 0:00:35]} gxf4 {[%emt 0:00:11]} 41. Qxf4 {[%emt 0:02:14]}
Ng6 {[%emt 0:00:13]} 42. Qh2 {[%emt 0:01:38]} Rxe4 {[%emt 0:01:15]} 43. Qxd6 {
[%emt 0:00:21]} Nf4+ {[%emt 0:00:45]} 44. Qxf4 {[%emt 0:11:12]} Rxf4 {[%emt 0:
00:20]} 45. Rxf4 {[%emt 0:00:02]} Qe2+ {[%emt 0:00:35]} 46. Rf2 {[%emt 0:00:20]
} Qe4+ {[%emt 0:00:21]} 47. Rf3 {[%emt 0:00:16]} Qe2+ {[%emt 0:00:35]} 48. Rf2
{[%emt 0:00:04]} Qe4+ {[%emt 0:00:12]} 1/2-1/2

[Event "Wood Green Invitational"]
[Site "Stafford"]
[Date "2021.08.20"]
[Round "3.3"]
[White "Blackburn, Jonathan LB"]
[Black "Turner, Matthew J"]
[Result "1-0"]
[WhiteElo "2235"]
[BlackElo "2509"]
[PlyCount "47"]
[EventDate "2021.08.19"]
[EventType "tourn"]
[EventRounds "9"]
[EventCountry "ENG"]
[EventCategory "7"]

1. d4 {[%emt 0:00:02]} Nf6 {[%emt 0:00:51]} 2. c4 {[%emt 0:00:05]} e6 {[%emt 0:
00:20]} 3. Nc3 {[%emt 0:00:04]} Bb4 {[%emt 0:00:14]} 4. e3 {[%emt 0:00:20]} O-O
{[%emt 0:00:23]} 5. Bd3 {[%emt 0:01:34]} c5 {[%emt 0:01:45]} 6. Nf3 {[%emt 0:
00:25]} d5 {[%emt 0:00:39]} 7. O-O {[%emt 0:00:05]} dxc4 {[%emt 0:01:04]} 8.
Bxc4 {[%emt 0:00:04]} b6 {[%emt 0:00:43]} 9. Qe2 {[%emt 0:02:29]} Bb7 {[%emt 0:
02:22]} 10. Rd1 {[%emt 0:02:45]} cxd4 {[%emt 0:00:53]} 11. exd4 {[%emt 0:00:34]
} Bxc3 {[%emt 0:04:45]} 12. bxc3 {[%emt 0:00:10]} Qc7 {[%emt 0:00:42]} 13. Bd3
{[%emt 0:00:46]} Qxc3 {[%emt 0:03:13]} 14. Bb2 {[%emt 0:00:04]} Qa5 {[%emt 0:
01:40]} 15. d5 {[%emt 0:07:58]} Bxd5 {[%emt 0:01:22]} 16. Bxf6 {[%emt 0:07:00]}
gxf6 {[%emt 0:00:11]} 17. Ne5 {[%emt 0:13:47]} Rc8 {[%emt 0:09:34]} 18. Bxh7+ {
[%emt 0:17:55]} Kf8 {[%emt 0:00:27]} 19. Qg4 {[%emt 0:09:55]} Ke7 {[%emt 0:02:
03]} 20. Nxf7 {[%emt 0:10:33]} Kxf7 {[%emt 0:01:03]} 21. Be4 {[%emt 0:02:14]}
Rc5 {[%emt 0:09:49]} 22. Qg6+ {[%emt 0:01:34]} Ke7 {[%emt 0:00:11]} 23. Qg7+ {
[%emt 0:00:38]} Kd8 {[%emt 0:03:51]} 24. Bxd5 {[%emt 0:04:22]} 1-0

[Event "Wood Green Invitational"]
[Site "Stafford"]
[Date "2021.08.20"]
[Round "3.4"]
[White "Willow, Jonah B"]
[Black "Derakhshani, Borna"]
[Result "1/2-1/2"]
[WhiteElo "2396"]
[BlackElo "2373"]
[PlyCount "100"]
[EventDate "2021.08.19"]
[EventType "tourn"]
[EventRounds "9"]
[EventCountry "ENG"]
[EventCategory "7"]

1. e4 c6 {[%emt 0:01:42]} 2. d4 {[%emt 0:00:05]} d5 {[%emt 0:00:04]} 3. Nc3 {
[%emt 0:00:03]} dxe4 {[%emt 0:00:15]} 4. Nxe4 {[%emt 0:00:04]} Nf6 {[%emt 0:00:
20]} 5. Nxf6+ {[%emt 0:00:18]} exf6 {[%emt 0:00:04]} 6. c3 {[%emt 0:00:09]} Bd6
{[%emt 0:00:05]} 7. Bd3 {[%emt 0:00:05]} O-O {[%emt 0:00:12]} 8. Ne2 {[%emt 0:
00:30]} Re8 {[%emt 0:00:34]} 9. Qc2 {[%emt 0:00:45]} h5 {[%emt 0:00:10]} 10.
Be3 {[%emt 0:00:23]} Nd7 {[%emt 0:00:08]} 11. O-O-O {[%emt 0:01:18]} Nf8 {
[%emt 0:00:11]} 12. c4 {[%emt 0:00:17]} Be6 {[%emt 0:00:59]} 13. Nc3 {[%emt 0:
00:34]} Bb4 {[%emt 0:00:51]} 14. Kb1 {[%emt 0:02:57]} Rc8 {[%emt 0:00:36]} 15.
Ne4 {[%emt 0:00:05]} Be7 {[%emt 0:00:05]} 16. Nc5 {[%emt 0:00:35]} Bxc5 {
[%emt 0:00:17]} 17. dxc5 {[%emt 0:00:01]} Qe7 {[%emt 0:00:09]} 18. Qa4 {
[%emt 0:18:17]} Nd7 {[%emt 0:05:58]} 19. Bc2 {[%emt 0:06:50]} Nxc5 {[%emt 0:11:
20]} 20. Qxa7 {[%emt 0:01:08]} Na6 {[%emt 0:01:23]} 21. b3 {[%emt 0:02:30]} c5
{[%emt 0:22:59]} 22. Bf4 {[%emt 0:07:34]} f5 {[%emt 0:24:21]} 23. a3 {[%emt 0:
23:56]} Rc6 {[%emt 0:08:47]} 24. Rhe1 {[%emt 0:01:00]} Rec8 {[%emt 0:00:39]}
25. Be3 {[%emt 0:28:22]} Qc7 {[%emt 0:01:51]} 26. Bd2 {[%emt 0:00:55]} Rb8 {
[%emt 0:01:59]} 27. Bg5 {[%emt 0:01:29]} f6 {[%emt 0:02:34]} 28. Bc1 {[%emt 0:
02:48]} g6 {[%emt 0:04:47]} 29. Bb2 {[%emt 0:00:45]} Kf7 {[%emt 0:01:21]} 30.
b4 {[%emt 0:00:05]} Bxc4 {[%emt 0:00:34]} 31. b5 {[%emt 0:00:40]} Bxb5 {
[%emt 0:00:15]} 32. Bb3+ {[%emt 0:00:01]} c4 {[%emt 0:07:24]} 33. a4 {[%emt 0:
00:01]} cxb3 {[%emt 0:00:13]} 34. axb5 {[%emt 0:00:08]} Rc2 {[%emt 0:00:19]}
35. Qd4 {[%emt 0:00:10]} Rxb2+ {[%emt 0:00:13]} 36. Qxb2 {[%emt 0:00:01]} Nc5 {
[%emt 0:00:36]} 37. Rc1 {[%emt 0:00:55]} Qa5 {[%emt 0:00:47]} 38. b6 {[%emt 0:
01:36]} Ra8 {[%emt 0:00:53]} 39. Re3 {[%emt 0:00:14]} Ne4 {[%emt 0:02:28]} 40.
Rc7+ {[%emt 0:01:06]} Kg8 {[%emt 0:00:10]} 41. Qxb3+ {[%emt 0:00:42]} Kh8 42.
Qb2 {[%emt 0:00:21]} Qd5 {[%emt 0:00:36]} 43. f3 {[%emt 0:00:45]} Qd1+ {
[%emt 0:00:45]} 44. Qc1 {[%emt 0:00:19]} Qd4 {[%emt 0:01:56]} 45. Ra3 {[%emt 0:
01:29]} Qxb6+ {[%emt 0:00:29]} 46. Ka2 {[%emt 0:00:31]} Rxa3+ {[%emt 0:00:31]}
47. Kxa3 Qa5+ {[%emt 0:00:11]} 48. Kb2 {[%emt 0:00:27]} Qb6+ {[%emt 0:00:05]}
49. Ka2 {[%emt 0:00:21]} Qa5+ {[%emt 0:00:06]} 50. Kb2 {[%emt 0:00:59]} Qb6+ {
[%emt 0:00:14]} 1/2-1/2

[Event "Wood Green Invitational"]
[Site "Stafford"]
[Date "2021.08.20"]
[Round "3.5"]
[White "Fitzsimons, David"]
[Black "Haria, Ravi"]
[Result "0-1"]
[WhiteElo "2324"]
[BlackElo "2440"]
[PlyCount "142"]
[EventDate "2021.08.19"]
[EventType "tourn"]
[EventRounds "9"]
[EventCountry "ENG"]
[EventCategory "7"]

1. e4 {[%emt 0:02:09]} e6 {[%emt 0:00:06]} 2. d4 {[%emt 0:00:05]} d5 {[%emt 0:
00:03]} 3. Nc3 {[%emt 0:00:08]} dxe4 {[%emt 0:03:44]} 4. Nxe4 {[%emt 0:00:08]}
Bd7 {[%emt 0:00:04]} 5. Nf3 {[%emt 0:01:20]} Bc6 {[%emt 0:00:14]} 6. Bd3 {
[%emt 0:00:19]} Nd7 {[%emt 0:00:10]} 7. Bf4 {[%emt 0:00:13]} Be7 {[%emt 0:06:
03]} 8. c3 {[%emt 0:00:46]} Ngf6 {[%emt 0:00:58]} 9. Nxf6+ {[%emt 0:00:19]}
Bxf6 {[%emt 0:00:20]} 10. Qe2 {[%emt 0:00:36]} Bxf3 {[%emt 0:03:47]} 11. Qxf3 {
[%emt 0:00:11]} c6 {[%emt 0:00:52]} 12. O-O-O {[%emt 0:01:47]} Bg5 {[%emt 0:01:
22]} 13. h4 {[%emt 0:01:08]} Bxf4+ {[%emt 0:01:20]} 14. Qxf4 {[%emt 0:00:07]}
Nf6 {[%emt 0:02:53]} 15. Kb1 {[%emt 0:06:06]} Nd5 {[%emt 0:01:56]} 16. Qg4 {
[%emt 0:02:59]} Qf6 {[%emt 0:01:30]} 17. Rh3 {[%emt 0:02:17]} h5 {[%emt 0:02:
16]} 18. Qe4 {[%emt 0:04:28]} Qf4 {[%emt 0:19:32]} 19. Qe1 {[%emt 0:02:54]}
O-O-O {[%emt 0:02:46]} 20. Rg3 {[%emt 0:05:35]} g6 {[%emt 0:12:56]} 21. Rf3 {
[%emt 0:01:31]} Qc7 {[%emt 0:00:05]} 22. g3 {[%emt 0:00:32]} Rd7 {[%emt 0:00:
57]} 23. Qe5 {[%emt 0:14:05]} Rhd8 {[%emt 0:00:58]} 24. Re1 {[%emt 0:03:26]}
Qxe5 {[%emt 0:08:36]} 25. Rxe5 {[%emt 0:00:07]} Kc7 {[%emt 0:00:53]} 26. Bc4 {
[%emt 0:05:34]} Nb6 {[%emt 0:01:28]} 27. Bb3 {[%emt 0:01:17]} Kd6 {[%emt 0:01:
07]} 28. Kc2 {[%emt 0:05:00]} Ke7 {[%emt 0:00:15]} 29. a4 {[%emt 0:01:21]} Rd6
{[%emt 0:00:12]} 30. a5 {[%emt 0:05:06]} Nd7 {[%emt 0:00:39]} 31. Re4 {[%emt 0:
01:49]} c5 {[%emt 0:09:56]} 32. d5 {[%emt 0:07:18]} Nf6 {[%emt 0:08:18]} 33.
dxe6 {[%emt 0:05:28]} Rd2+ {[%emt 0:01:52]} 34. Kc1 {[%emt 0:01:46]} Nxe4 {
[%emt 0:00:17]} 35. Rxf7+ {[%emt 0:00:06]} Kd6 {[%emt 0:00:05]} 36. f3 {
[%emt 0:00:33]} Rf2 {[%emt 0:02:04]} 37. fxe4 {[%emt 0:06:12]} Rxf7 {[%emt 0:
01:57]} 38. exf7 {[%emt 0:00:06]} Ke7 {[%emt 0:00:18]} 39. Bd5 {[%emt 0:00:11]}
b6 {[%emt 0:01:36]} 40. axb6 {[%emt 0:04:41]} axb6 {[%emt 0:00:01]} 41. Kd2 {
[%emt 0:00:09]} Rd6 {[%emt 0:02:17]} 42. Ke3 {[%emt 0:01:36]} Rf6 {[%emt 0:01:
13]} 43. b4 {[%emt 0:04:52]} cxb4 {[%emt 0:01:26]} 44. cxb4 {[%emt 0:00:01]}
Rf1 {[%emt 0:01:17]} 45. b5 {[%emt 0:01:15]} Rb1 {[%emt 0:01:01]} 46. Bc4 {
[%emt 0:00:19]} Rc1 {[%emt 0:00:31]} 47. Ba2 {[%emt 0:03:56]} Rc5 {[%emt 0:00:
24]} 48. Kf4 {[%emt 0:00:05]} Rxb5 {[%emt 0:00:14]} 49. e5 {[%emt 0:00:19]}
Rb4+ {[%emt 0:01:39]} 50. Kg5 {[%emt 0:00:17]} Ra4 {[%emt 0:00:32]} 51. Be6 {
[%emt 0:00:59]} Ra3 {[%emt 0:00:18]} 52. g4 {[%emt 0:00:54]} hxg4 {[%emt 0:00:
32]} 53. Kxg4 {[%emt 0:00:37]} Re3 {[%emt 0:00:30]} 54. Kf4 {[%emt 0:00:32]}
Re1 {[%emt 0:00:04]} 55. Bd5 {[%emt 0:00:13]} b5 {[%emt 0:00:29]} 56. e6 {
[%emt 0:00:45]} b4 {[%emt 0:00:45]} 57. Bc4 {[%emt 0:00:04]} Rc1 {[%emt 0:00:
31]} 58. Bd5 {[%emt 0:00:01]} Rc5 {[%emt 0:00:29]} 59. Be4 {[%emt 0:00:28]} b3
{[%emt 0:00:42]} 60. Bxg6 {[%emt 0:00:07]} b2 {[%emt 0:00:05]} 61. Bd3 {
[%emt 0:01:54]} Rc3 {[%emt 0:00:21]} 62. Bh7 {[%emt 0:00:02]} Rc1 {[%emt 0:00:
31]} 63. Kg5 {[%emt 0:00:24]} Rf1 {[%emt 0:00:52]} 64. Bd3 {[%emt 0:00:23]}
b1=Q {[%emt 0:00:46]} 65. Bxb1 Rxb1 {[%emt 0:00:06]} 66. h5 {[%emt 0:00:35]}
Rg1+ {[%emt 0:00:16]} 67. Kf5 {[%emt 0:00:24]} Rf1+ {[%emt 0:00:09]} 68. Kg6 {
[%emt 0:00:06]} Kxe6 {[%emt 0:00:41]} 69. h6 {[%emt 0:00:05]} Rg1+ {[%emt 0:00:
03]} 70. Kh7 {[%emt 0:00:24]} Kxf7 {[%emt 0:00:05]} 71. Kh8 {[%emt 0:00:06]}
Kg6 {[%emt 0:00:08]} 0-1

[Event "Wood Green Invitational"]
[Site "Stafford"]
[Date "2021.08.21"]
[Round "4.2"]
[White "Derakhshani, Borna"]
[Black "Fitzsimons, David"]
[Result "1/2-1/2"]
[WhiteElo "2373"]
[BlackElo "2324"]
[PlyCount "43"]
[EventDate "2021.08.19"]
[EventType "tourn"]
[EventRounds "9"]
[EventCountry "ENG"]
[EventCategory "7"]

1. Nf3 {[%emt 0:02:51]} d5 {[%emt 0:00:17]} 2. d4 {[%emt 0:01:42]} Nf6 {
[%emt 0:00:23]} 3. c3 {[%emt 0:01:04]} e6 {[%emt 0:00:25]} 4. Bg5 {[%emt 0:00:
36]} h6 {[%emt 0:00:32]} 5. Bh4 {[%emt 0:00:12]} c5 {[%emt 0:00:35]} 6. e3 {
[%emt 0:00:49]} Nbd7 {[%emt 0:00:30]} 7. Nbd2 {[%emt 0:02:27]} Bd6 {[%emt 0:02:
06]} 8. Bd3 {[%emt 0:05:23]} O-O {[%emt 0:02:22]} 9. O-O {[%emt 0:03:39]} b6 {
[%emt 0:00:37]} 10. e4 {[%emt 0:15:16]} cxd4 {[%emt 0:02:37]} 11. cxd4 {
[%emt 0:00:08]} dxe4 {[%emt 0:00:08]} 12. Bxe4 {[%emt 0:01:03]} Rb8 {[%emt 0:
01:50]} 13. Qe2 {[%emt 0:12:19]} Be7 {[%emt 0:06:48]} 14. Ne5 {[%emt 0:19:23]}
Nxe5 {[%emt 0:13:56]} 15. dxe5 {[%emt 0:00:52]} Nxe4 {[%emt 0:10:35]} 16. Bxe7
{[%emt 0:00:09]} Qxd2 {[%emt 0:01:16]} 17. Qxe4 {[%emt 0:00:08]} Re8 {[%emt 0:
00:23]} 18. Qb4 {[%emt 0:10:49]} Qxb4 {[%emt 0:02:58]} 19. Bxb4 {[%emt 0:00:01]
} Bb7 {[%emt 0:00:10]} 20. a4 {[%emt 0:00:17]} Rbc8 {[%emt 0:00:54]} 21. a5 {
[%emt 0:00:21]} Rc2 {[%emt 0:05:32]} 22. axb6 {[%emt 0:07:03]} 1/2-1/2